00209nam a2200073Ia 4500082000800000245002900008100005700037008004100094 aDUP 0aVoshaar van Biesiesvlei  a DU PISANIE, Sarah Pretoria, 1992 Grootdrukuitg 210817s9999 xx 000 0 und d